Geology of the Dallas and Valsetz quadrangles, Oregon. (Record no. 28245)

MARC details
000 -LEADER
fixed length control field 00947cam a22002891 4500
001 - CONTROL NUMBER
control field gs 48000037
003 - CONTROL NUMBER IDENTIFIER
control field DLC
005 - DATE AND TIME OF LATEST TRANSACTION
control field 20260227111353.0
008 - FIXED-LENGTH DATA ELEMENTS--GENERAL INFORMATION
fixed length control field 780808s1947 oruab b s000 0 eng c
010 ## - LIBRARY OF CONGRESS CONTROL NUMBER
LC control number gs 48000037
035 ## - SYSTEM CONTROL NUMBER
System control number (OCoLC)4119969
040 ## - CATALOGING SOURCE
Original cataloging agency U. S. Geol. Survey. Libr.
Transcribing agency NcRS
Modifying agency DLC
042 ## - AUTHENTICATION CODE
Authentication code premarc
043 ## - GEOGRAPHIC AREA CODE
Geographic area code n-us-or
045 ## - TIME PERIOD OF CONTENT
Time period code x4x4
050 00 - LIBRARY OF CONGRESS CALL NUMBER
Classification number QE155
Item number .A3 no. 35
082 ## - DEWEY DECIMAL CLASSIFICATION NUMBER
Classification number 557.95
100 1# - MAIN ENTRY--PERSONAL NAME
Personal name Baldwin, Ewart Merlin,
Dates associated with a name 1915-
245 10 - TITLE STATEMENT
Title Geology of the Dallas and Valsetz quadrangles, Oregon.
260 ## - PUBLICATION, DISTRIBUTION, ETC.
Place of publication, distribution, etc. Portland,
Date of publication, distribution, etc. 1947.
300 ## - PHYSICAL DESCRIPTION
Extent 61 p.
Other physical details illus., maps (3 fold. in pocket)
Dimensions 27 cm.
490 1# - SERIES STATEMENT
Series statement Oregon. Dept. of Geology and Mineral Industries Bulletin
Volume/sequential designation no. 35
504 ## - BIBLIOGRAPHY, ETC. NOTE
Bibliography, etc. note Bibliography: p. 59-61.
650 #0 - SUBJECT ADDED ENTRY--TOPICAL TERM
Topical term or geographic name entry element Geology
Geographic subdivision Oregon
-- Dallas quadrangle.
650 #0 - SUBJECT ADDED ENTRY--TOPICAL TERM
Topical term or geographic name entry element Geology
Geographic subdivision Oregon
-- Valsetz quadrangle.
810 10 - SERIES ADDED ENTRY--CORPORATE NAME
Corporate name or jurisdiction name as entry element Oregon.
Subordinate unit Department of Geology and Mineral Industries.
Title of a work Bulletin
Volume/sequential designation no. 35.

No items available.

Powered by Koha